Rusko a západ eseje o (ne)porozumění

Salvato in:
Dettagli Bibliografici
Autore principale: Hanuš, Jiří
Natura: Libro
Lingua:ceco
Pubblicazione: Brno Centrum pro studium demokracie a kultury (CDK) 2015
Serie:Quaestiones quodlibetales 26
Soggetti:
Tags: Aggiungi Tag
Nessun Tag, puoi essere il primo ad aggiungerne!!

MARC

LEADER 00000nam a2200000 4500
001 0215878
005 20240313090353.7
020 |a 978-80-7325-370-7 
041 0 |a cze 
044 |a CZ 
245 1 0 |a Rusko a západ  |b eseje o (ne)porozumění  |c Jiří Hanuš a kol. 
264 1 |a Brno  |b Centrum pro studium demokracie a kultury (CDK)  |c 2015 
300 |a 201 s. 
490 1 |a Quaestiones quodlibetales  |v 26 
830 0 |a Quaestiones quodlibetales  |v 26 
610 2 0 |a geopolitika 
610 2 0 |a Rusko 
610 2 0 |a vzťahy zahraničné 
610 2 0 |a vzťahy politické medzinárodné 
610 2 0 |a západná Európa 
610 2 0 |a politika medzinárodná 
610 2 0 |a politika svetová 
610 2 0 |a diplomacia 
610 2 0 |a demokratizácia 
610 2 0 |a ZSSR 
610 2 0 |a Československo 
100 1 |a Hanuš, Jiří